Differenciaľnyje uravnenija : Primery i zadači
Saved in:
| Main Authors: | , , |
|---|---|
| Format: | Book |
| Published: |
Minsk :
Vyšejšaja škola,
1983
|
| Tags: |
No Tags, Be the first to tag this record!
|
MARC
| LEADER | 00000nam a22000003a 4500 | ||
|---|---|---|---|
| 001 | stu124954 | ||
| 005 | 20150617225904.2 | ||
| 008 | 060824s1983----------------------------d | ||
| 040 | |a STU |b slo | ||
| 041 | 0 | ||
| 080 | |a 517.9 |7 A000003291 | ||
| 100 | 1 | |a Samojlenko, Anatolij Michajlovič |4 aut | |
| 245 | 1 | |a Differenciaľnyje uravnenija : |b Primery i zadači | |
| 260 | |a Minsk : |b Vyšejšaja škola, |c 1983 | ||
| 300 | |a 406 s | ||
| 700 | 1 | |a Peresťuk, N.A. |4 aut | |
| 700 | 1 | |a Krivošeje, S.A. |4 aut | |
| 996 | |b E56047 |c E*56047 |l EE10 |s P |a 0 |w stu124954_0001 | ||
| 996 | |b E56085 |c E*56085 |l EE03 |s P |a 0 |w stu124954_0002 | ||